Normal view
MARC view
Entry Personal Name
001 - CONTROL NUMBER
- control field: 1238336
003 - CONTROL NUMBER IDENTIFIER
- control field: OSt
005 - DATE AND TIME OF LATEST TRANSACTION
- control field: 20260430150748.0
008 - FIXED-LENGTH DATA ELEMENTS
- fixed length control field: 260430|| aca||aabn | a|a d
040 ## - CATALOGING SOURCE
- Original cataloging agency: OSt
- Transcribing agency: OSt
100 ## - HEADING--PERSONAL NAME
- Personal name: दिल्ली विश्वविद्यालय. समाजिक विज्ञान संकाय. राजनीतिक विज्ञान विभाग
670 ## - SOURCE DATA FOUND
- Source citation: Work cat.: (OSt)1850646: मंजु, ले. 866443, हिन्दू कोड बिल की समकालीन भारत में प्रासंगिकता: एक पुर्नावलोकन, 2020
